000 00695nam a2200241 a 4500
001 BRCA_7699
005 20190320205942.0
008 230813s1955----mc-a######---#000-0#fre-#
041 _afre
044 _amc
050 4 _aN5262
_b.H45 1955
100 1 _aHelft, Jacques
_911415
245 1 0 _aVive la Chine
_bmemoires d´un antiquaire
_cJacques Helft.
260 _aMonaco
_bDu Roches
_cc1955
300 _a246 p.
_bil., 12 láminas
_c19 cm.
500 _aDos ejemplares iguales con el mismo número de inventario
500 _aU36
650 1 4 _aArte
_vColeccionistas y colecciones
_915108
650 1 4 _aAnticuarios
_910349
651 4 _aChina
_vArte
_919027
902 _aGFM
942 _2lcc
_cB
999 _c7373
_d7373